Ultimate Harry Potter Spells Quiz! Stats

 Plays Quiz not verified by Sporcle

Support Sporcle.
Go Orange.
Score 0/121 Timer 20:00
0 Plays Today
% Correct
Avada Kedavra
53.7%
Accio
52.8%
Crucio
52%
Expelliarmus
47.2%
Levicorpus
46.3%
Lumos
46.3%
Imperio
45.5%
Aguamenti
44.7%
Stupefy
43.1%
Orchideous
43.1%
Homenum Revelio
43.1%
Wingardium Leviosa
42.3%
Protego
42.3%
Nox
42.3%
Arania Exumai
42.3%
Sectumsempra
41.5%
Obliviate
40.7%
Oculus Reparo
39.8%
Expecto Patronum
39%
Rictusempra
39%
Serpensortia
39%
Morsmordre
39%
Confundo
39%
Bat-Bogey Hex
38.5%
Muffliato
38.2%
Avis
38.2%
Point Me
37.4%
Langlock
37.4%
Liberacorpus
36.6%
Riddikulus
36.6%
Legilimens
35.8%
Portus
35.8%
Diffindo
35.8%
Prior Incantato
35.8%
Bombarda
35.8%
Reparo
35%
Densaugeo
35%
Brackium Emendo
35%
Silencio
34.1%
Petrificus Totalus
34.1%
Vomitare Viridis
33.3%
% Correct
Reducio
33.3%
Erecto
33.3%
Repello Muggletum
32.5%
Engorgio Skullus
31.7%
Incendio
31.7%
Engorgio
31.7%
Protego Totalum
31.7%
Duro
31.7%
Episkey
31.7%
Descendo
31.7%
Quietus
30.9%
Arresto Momentum
30.1%
Revelio
30.1%
Scourgify
30.1%
Sonorous
30.1%
Anapneo
30.1%
Pack
30.1%
Relashio
29.3%
Colloportus
28.5%
Inflatus
27.6%
Calvorio
27.6%
Vera Verto
27.6%
Aberto
26.2%
Rennervate
26%
Evanesco
26%
Salvio Hexia
26%
Cave Inimicum
26%
Obscuro
25.2%
Glisseo
25.2%
Depulso
25.2%
Anteoculatia
25.2%
Protego Horribilis
24.4%
Mobilicorpus
24.4%
Ascendio
24.4%
Immobulus
23.6%
Tarantallegra
23.6%
Entomorphis
23.6%
Confringo
23.6%
Verdimilious
23%
Meteolojinx Recanto
22.8%
Impervius
22.8%
% Correct
Alarte Ascendare
22.8%
Fidelius Charm
22.8%
Tergeo
22.8%
Aparecium
22%
Dissendium
22%
Vulnera Sanentur
21.1%
Fianto Duri
21.1%
Colovaria
21.1%
Locomotor wibbly
20.3%
Geminio
20.3%
Deprimo
20.3%
Impedimenta
19.5%
Waddiwasi
19.5%
Piertotum Locomotor
19.5%
Harmonia Nectere Passus
19.5%
Taboo
18.9%
Oppugno
18.7%
Slugulus Eructo
18.7%
Reducto
17.9%
Mobiliarbus
17.9%
Mucus ad Nauseam
17.9%
Mimblewimble
17.1%
Expulso
17.1%
Incarcerous
16.3%
Defodio
16.3%
Melofors
15.4%
Furnunculus
14.6%
Periculum
14.6%
Locomotor
14.6%
Finite Incantatem
13%
Finestra
13%
Flagrate
13%
Specialis Revelio
12.2%
Locomotor Mortis
12.2%
Ferula
12.2%
Flagrante
10.6%
Repello Inimicum
7.3%
Everte Statum
7.3%
Deletrius
7.3%

You're not logged in!

Compare scores with friends on all Sporcle quizzes.
OR
Log In

From the Vault

Harry Potter Bunker III

by 12bball

Time to fortify the cupboard under the stairs before the Dursleys get home.
Remove Ads.
Support Sporcle.
Get the best of Sporcle when you Go Orange. This ad-free experience offers more features, more stats, and more fun while also helping to support Sporcle. Thank you for becoming a member.

Show Comments

Extras

Top Quizzes Today


Score Distribution

Your Account Isn't Verified!

In order to create a playlist on Sporcle, you need to verify the email address you used during registration. Go to your Sporcle Settings to finish the process.

Report this User

Report this user for behavior that violates our Community Guidelines.

Details: